000 02125nam0a2200397 4500
001 RU\NLR\bibl\1297074
005 20260407053411.0
021 _aRU
_b2008-77136
_94461
035 _a(nilc)EL/0000223094
035 _aVIL\RUSMED\0000141617
035 _a(NLR Aleph) 001282691
090 _a509143
_c509143
100 _a20081007d2007 |||y0rusy50 ca
101 0 _arus
102 _aRU
105 _ay |||||||||
200 1 _aГиперхолестеролемия. Диагностика, профилактика, лечение
_f[Е.В. Шляхто, Е.И. Красильникова, Е.Г. Сергеева и др.]
_gС.-Петерб. гос. мед. ун-т им. И.П. Павлова Федер. агентства по здравоохранению и соц. развитию, Каф. фак. терапии с курсом эндокринологии
210 _aСанкт-Петербург
_cСПбГМУ
_d2007
215 _a62 с.
_d21
225 1 _aПроект "Здоровье"
300 _aАвт. указаны на обороте тит.л. и обл.
606 1 _aГиперхолестеринемия
_9904603
_3RU\NLR\auth\669489
675 _a616.153.922-008.61
_vudc
686 _a76.29.37
_2rugasnti
686 _aC18.452.584.500.500.396
_2MeSH
686 _aР415.202.9
701 1 _aШляхто
_bЕ. В.
_gЕвгений Владимирович
_4070
701 1 _aКрасильникова
_bЕ. И.
_gЕлена Ивановна
_4070
701 1 _4070
_8rus
_7ca
_aСергеева
_bЕ. Г.
_cд-р мед. наук
_gЕлена Геннадьевна
_3RU\NLR\auth\7780153
_963081
712 0 2 _4570
_aСанкт-Петербургский государственный медицинский университет им. И. П. Павлова
_bКафедра факультетской терапии с курсом эндокринологии
_3RU\NLR\AUTH\8810023328
_9544663
801 0 _aRU
_bЦНМБ
_c20081007
_gPSBO
801 1 _aRU
_bЦНМБ
_c20081007
801 2 _aRU
_bNLR
_c20081121
_grcr
942 _cBOOK
980 _aNB